000 00755nam a2200193Ia 4500
008 151121s9999||||xx |||||||||||||| ||und||
082 _a781/भट्ट
082 _bHNW-58570
100 _aभट्ट विश्वंभरनाथ
245 _a"क्रमिक तान-आलाप, भाग 4"
260 _b"संगीत कार्यालय, हाथरस,उत्तरप्रदेश।"
260 _c--
300 _a313
600 _aभट्ट विश्वंभरनाथ
630 _a"क्रमिक तान-आलाप, भाग 4"
700 _aभट्ट विश्वंभरनाथ
730 _a"क्रमिक तान-आलाप, भाग 4"
942 _cBOOK
999 _c1240379
_d1240376